01219nam a2200229 a 4500008004100000020001800041050001700059100002100076245008000097250001700177260002700194300003100221350001000252650002600262650003100288700002000319995016300339995015700502995015600659995015700815999001700972190517s2015 ||||||||||||||||| || u a9781292016900 aHD 70.U5 Ebe aGriffin, Ricky W10aBusiness essentials (10th edition)cBy Ronald J. Ebert and Ricky W. Griffin a10th edition aEnglandbPearsonc2015 a700 pages, : illustrations a46.98 0aINDUSTRIAL MANAGEMENT 7aBUSINESS ENTERPRISES2fast aEbert, Ronald J aANNEX COLLECTION (Main Library)D46.98e749005FCBU-MAIN LIBRARY (Kitwe)I46.98jHD 70.U5 EbeM1UAVAILABLEWMay 21, 2019y749005ZAnnex Low-Usage Collection  aMAIN LIBRARY OPEN ACCESSe749006FCBU-MAIN LIBRARY (Kitwe)I46.98jHD 70.U5 EbeM2UAVAILABLEWMay 21, 2019y749006ZMain Library Open Access Collection aANNEX COLLECTION (Main Library)e749008FCBU-MAIN LIBRARY (Kitwe)I46.98jHD 70.U5 EbeM4UAVAILABLEWMay 21, 2019y749008ZAnnex Low-Usage Collection  aMAIN LIBRARY OPEN ACCESSe749007FCBU-MAIN LIBRARY (Kitwe)I46.98jHD 70.U5 EbeM3UAVAILABLEWMay 21, 2019y749007ZMain Library Open Access Collection c79004d79004